[Event "FRA-chT U20"]
[Site "Mulhouse"]
[Date "2005.12.19"]
[Round "5"]
[White "Minla, Constantin"]
[Black "Boudia, Rayan"]
[Result "1-0"]
[WhiteElo "1010"]
[BlackElo "1500"]
[PlyCount "25"]
[EventDate "2005.12.??"]
[EventType "team"]
[EventRounds "11"]
[EventCountry "FRA"]
[SourceTitle "EXT 2007"]
[Source "ChessBase"]
[SourceDate "2006.11.23"]
[SourceVersion "1"]
[SourceVersionDate "2006.11.23"]
[SourceQuality "1"]
[WhiteTeam "Mulhouse"]
[BlackTeam "AECE"]
[WhiteTeamCountry "FRA"]
[BlackTeamCountry "FRA"]

1. c4 e5 2. Nc3 Nc6 3. g3 Nf6 4. Bg2 Bc5 5. d3 d5 6. cxd5 Bf5 7. dxc6 bxc6 8. Bxc6+ Nd7 9. Bxa8 Qxa8 10. Nf3 e4 11. dxe4 Bxe4 12. Nxe4 Qxe4 13. 0-0 1-0

[Event "FRA-chT U20 0506"]
[Site "France"]
[Date "2005.11.13"]
[Round "3.8"]
[White "Bach, Anatole"]
[Black "Minla, Constantin"]
[Result "0-1"]
[WhiteElo "1009"]
[BlackElo "1550"]
[PlyCount "116"]
[EventDate "2005.11.12"]
[EventType "team"]
[EventRounds "3"]
[EventCountry "FRA"]
[SourceTitle "CBM 109 Extra"]
[Source "ChessBase"]
[SourceDate "2006.01.03"]
[SourceVersion "2"]
[SourceVersionDate "2006.01.03"]
[SourceQuality "1"]

1. e4 c5 2. Nf3 Nc6 3. Bc4 g6 4. 0-0 Bg7 5. d3 Nf6 6. Bg5 0-0 7. Nc3 d6 8. Qd2 Re8 9. Bh6 Bd7 10. Bxg7 Kxg7 11. Nd5 a6 12. Nxf6 exf6 13. Qc3 b5 14. Bd5 b4 15. Qd2 Rc8 16. c3 bxc3 17. Qxc3 Be6 18. Rae1 Bxd5 19. exd5 Rxe1 20. Rxe1 Nb4 21. a3 Nxd5 22. Qc4 Nc7 23. d4 cxd4 24. Nxd4 d5 25. Qc5 Qf8 26. Qxf8+ Kxf8 27. Rc1 Ke7 28. Nc6+ Ke6 29. Na7 Re8 30. h3 Kd7 31. Rc6 Re6 32. Rc2 Re1+ 33. Kh2 Rd1 34. Nc6 Kd6 35. Nd8 Kd7 36. Nxf7 d4 37. Rc4 Ne6 38. Nh6 d3 39. Rc3 d2 40. Rd3+ Ke7 41. Ng4 Nc5 42. Ne3 Nxd3 43. Nxd1 Ke6 44. Kg3 Ke5 45. Kf3 Ne1+ 46. Ke2 Nxg2 47. Kxd2 Nf4 48. h4 Nd5 49. Ne3 Nxe3 50. Kxe3 f5 51. f4+ Kd5 52. b4 Kc4 53. h5 gxh5 54. Kf3 Kb3 55. b5 axb5 56. Kg3 Kxa3 57. Kh4 b4 58. Kxh5 b3 0-1